Jadah rahmat ka msafar / (Record no. 525974)

000 -LEADER
fixed length control field 00480nam a22001697a 4500
003 - CONTROL NUMBER IDENTIFIER
control field NUST
020 ## - INTERNATIONAL STANDARD BOOK NUMBER
Qualifying information (Hbk)
038 ## - RECORD CONTENT LICENSOR
Staff Name M. Shaban
082 ## - DEWEY DECIMAL CLASSIFICATION NUMBER
Classification number 891.4315
Author Mark HAS
100 ## - MAIN ENTRY--PERSONAL NAME
Personal name Hasrat Kaas Ganjvi
9 (RLIN) 16918
245 ## - TITLE STATEMENT
Title Jadah rahmat ka msafar /
Statement of responsibility, etc. Hasrat Kaas Ganjvi
260 ## - PUBLICATION, DISTRIBUTION, ETC.
Place of publication, distribution, etc. Karachi :
Name of publisher, distributor, etc. Aftab Acadmy,
Date of publication, distribution, etc. 2001.
300 ## - PHYSICAL DESCRIPTION
Extent 136 p. ;
880 ## - ALTERNATE GRAPHIC REPRESENTATION
Linkage 100-01\r
Title ڈاکٹر حسرت کاس گنجوی
880 ## - ALTERNATE GRAPHIC REPRESENTATION
Linkage 245-02\r
Title جادہ رحمت کا مُسافر /
942 ## - ADDED ENTRY ELEMENTS (KOHA)
Source of classification or shelving scheme
Koha item type Book
Holdings
Withdrawn status Lost status Source of classification or shelving scheme Damaged status Not for loan Permanent Location Current Location Shelving location Date acquired Total Checkouts Full call number Barcode Date last seen Price effective from Koha item type
          Central Library (CL) Central Library (CL) Urdu Literature 07/06/2019   891.4315 HAS CL-E-573 07/06/2019 07/06/2019 Book
© 2023 Central Library, National University of Sciences and Technology. All Rights Reserved.